00740nam a2200253Ia 4500003000900000005001700009008004100026040003300067041000800100080001300108100001800121245004800139260005600187300002400243650001700267650001500284650001400299700001600313700001800329700001800347942000700365952009700372999001700469LK-CoDNM20240725111219.0010623t1939 xxu||||| |||| 00| 1 eng d aLK-CoDNMdLK-CoDNMeLK-CoDNM aeng a8 bGG20 aBartlett,F.C. aThe study of society : Methods and problems bKegan Paul,Trench,Trubner and CompanyaLondonc1939 bxii , 498p. : 17 cm aAnthropology aPsychology aSociology aGinsberg.M. aLindgren,E.J. aThouless,R.H. cBK 001041708OBCaMAINbMAINcREFd2024-07-25l0o8 GG20pOB2969r2024-07-25w2024-07-25yBK c99280d99280